| 000 | 01466nab a2200265 i 4500 | ||
|---|---|---|---|
| 003 | DO-SdBNP | ||
| 005 | 20250603114330.0 | ||
| 007 | ta | ||
| 008 | 250603e1993 dr bn|p|r||||||0| | spa d | ||
| 040 |
_aDO-SdBNP _bspa _cBNPHU _erda |
||
| 041 | _hspa | ||
| 100 |
_aTolentino, Marianne de, _d1951- _973333 |
||
| 245 |
_aLa galería Nacional de Bellas Artes / _cMarianne de Tolentino. |
||
| 264 |
_aSanto Domingo, República Dominicana : _bDirección General de Bellas Artes, _c1993. |
||
| 300 |
_apágina 8 : _bilustraciones, pintura ; _c28 cm. |
||
| 310 | _aBimestral. | ||
| 336 |
_atexto _btxt _2rdacontent |
||
| 337 |
_asin mediación _bn _2rdamedia |
||
| 338 |
_avolumen _bnc _2rdacarrier |
||
| 362 | _aAño 3. No. 7 enero-febrero, 1993). | ||
| 521 | _aEn 1963, la profesora museóloga y poeta, Aida Cartagena Portalatín, escribía: "Hoy, en la segunda mitad del siglo XX, nos encontramos en la Galeria Nacional del Palacio de Bellas Artes. La reinstalación y apertura de nuevas salas ofrecen un panorama más amplio al visitante y al estudioso. Reflejan a su manera, el conjunto de disciplinas que son la base principal de nuestras artes plásticas". A continuación, la importante intelectual dominicana explicaba cómo había organizado las distintas salas. | ||
| 650 | 0 |
_aBellas artes _962514 _vPublicaciones periódicas _xGalería _zRepública Dominicana |
|
| 773 | 0 |
_036604 _9278916 _o37114-3-7-I _tAuditorium. _w(DO-SdBNP)000037114 |
|
| 942 |
_2ddc _cISSUE |
||
| 999 |
_c59130 _d59130 |
||